00299nam a2200121Ia 4500008004100000041000800041082001200049100001600061245002000077260004500097300003000142365000500172240624s9999 xx 000 0 und d aeng a823 GAI aGAIMAN NEIL aNEW ANANSI BOYS c2005aNew YorkbHarperCollins Publishers aix, : 387 : p. : cm. ; 17 c